Bandages (Record no. 155079)

MARC details
000 -LEADER
fixed length control field 00334nam a2200133Ia 4500
008 - FIXED-LENGTH DATA ELEMENTS--GENERAL INFORMATION
fixed length control field 230411s9999 xx 000 0 und d
041 ## - LANGUAGE CODE
Language code of text/sound track or separate title eng
082 ## - DEWEY DECIMAL CLASSIFICATION NUMBER
Classification number F/617.93/PAR/B04411
100 ## - MAIN ENTRY--PERSONAL NAME
Personal name Parulekar Shashank
245 ## - TITLE STATEMENT
Title Bandages
260 ## - PUBLICATION, DISTRIBUTION, ETC. (IMPRINT)
Name of publisher, distributor, etc. Vora Medical Publications
Place of publication, distribution, etc. Mumbai
Date of publication, distribution, etc. 1999
300 ## - PHYSICAL DESCRIPTION
Extent 96p
Holdings
Withdrawn status Lost status Damaged status Not for loan Collection code Home library Current library Date acquired Vendor Cost, normal purchase price Bill number Total Checkouts Full call number Barcode Date last seen Date last checked out Cost, replacement price Bill Date Koha item type Original Barcode
          Smt. Bakul Tambat Institute of Nursing Education Smt. Bakul Tambat Institute of Nursing Education 27/11/2007 M.K.S.S.S I.N.E.Ratnagiri. 40.00 590 1 F 617.93 PAR B04411 BTIN-BK-4411 05/08/2023 31/07/2023 40.00 10/07/2004 Books B04411